[Event "World Chess Olympiad 2018"]
[Site "Batumi"]
[Date "2018.10.05"]
[Round "11"]
[Board "1"]
[WhiteFideId "8800081"]
[White "Black Richard"]
[BlackFideId "16000021"]
[Black "Mutabazi Fidele"]
[Result "1-0"]
[LiveChessVersion "1.4.8"]
[BlackElo "1818"]
[WhiteElo "2218"]

1. e4 {[%clk 1:26:08]} c5 {[%clk 1:30:49]} 2. Nf3 {[%clk 1:26:36]} g6
{[%clk 1:31:04]} 3. d4 {[%clk 1:27:05]} cxd4 {[%clk 1:30:54]} 4. Nxd4
{[%clk 1:27:34]} Bg7 {[%clk 1:31:01]} 5. Nc3 {[%clk 1:27:54]} Nc6
{[%clk 1:31:20]} 6. Be3 {[%clk 1:28:22]} Nf6 {[%clk 1:29:53]} 7. Bc4
{[%clk 1:28:41]} O-O {[%clk 1:28:31]} 8. Bb3 {[%clk 1:29:06]} a6 {[%clk 1:27:46]}
9. f3 {[%clk 1:22:47]} Qb6 {[%clk 1:25:49]} 10. Nf5 {[%clk 1:20:55]} Qc7
{[%clk 1:21:04]} 11. Nxg7 {[%clk 1:19:50]} Kxg7 {[%clk 1:20:57]} 12. Qd2
{[%clk 1:19:39]} Kg8 {[%clk 1:19:16]} 13. O-O-O {[%clk 1:18:47]} Na5
{[%clk 1:16:06]} 14. h4 {[%clk 1:15:24]} Nxb3+ {[%clk 1:16:14]} 15. axb3
{[%clk 1:15:20]} Qa5 {[%clk 1:08:38]} 16. Kb1 {[%clk 1:14:25]} h5
{[%clk 1:04:41]} 17. Nd5 {[%clk 1:09:48]} Qxd2 {[%clk 0:56:48]} 18. Nxe7+
{[%clk 1:10:07]} Kh7 {[%clk 0:56:02]} 19. Rxd2 {[%clk 1:09:48]} Re8
{[%clk 0:54:11]} 20. Nxc8 {[%clk 1:05:57]} Raxc8 {[%clk 0:53:30]} 21. Bg5
{[%clk 1:06:11]} Rc6 {[%clk 0:51:19]} 22. Bxf6 {[%clk 1:04:43]} Rxf6
{[%clk 0:51:31]} 23. Rxd7 {[%clk 1:05:30]} b5 {[%clk 0:52:04]} 24. Rhd1
{[%clk 1:05:25]} Kg7 {[%clk 0:50:57]} 25. Kc1 {[%clk 0:57:07]} Ree6
{[%clk 0:50:07]} 26. Kd2 {[%clk 0:55:31]} Rc6 {[%clk 0:42:52]} 27. c3
{[%clk 0:53:34]} Rcd6+ {[%clk 0:38:15]} 28. Ke3 {[%clk 0:53:01]} Rxd1
{[%clk 0:38:35]} 29. Rxd1 {[%clk 0:53:28]} Kf8 {[%clk 0:38:22]} 30. f4
{[%clk 0:46:06]} Ke7 {[%clk 0:37:12]} 31. e5 {[%clk 0:42:52]} Rc6
{[%clk 0:37:22]} 32. Ke4 {[%clk 0:41:41]} f5+ {[%clk 0:35:53]} 33. Kd5
{[%clk 0:38:48]} Rc8 {[%clk 0:35:19]} 34. Ra1 {[%clk 0:33:43]} Rd8+
{[%clk 0:29:34]} 35. Kc5 {[%clk 0:34:01]} Rd2 {[%clk 0:29:43]} 36. Rxa6
{[%clk 0:33:38]} Rxg2 {[%clk 0:29:46]} 37. b4 {[%clk 0:30:04]} Rg4
{[%clk 0:27:39]} 38. Kd5 {[%clk 0:24:55]} Rxf4 {[%clk 0:24:37]} 39. Ra7+
{[%clk 0:54:08]} Kf8 {[%clk 0:54:54]} 40. Ke6 {[%clk 0:54:33]} Kg8
{[%clk 0:55:07]} 41. Kf6 {[%clk 0:54:33]} Rg4 {[%clk 0:37:23]} 42. e6
{[%clk 0:54:13]} Re4 {[%clk 0:37:07]} 43. e7 {[%clk 0:53:27]} f4 {[%clk 0:37:20]}
44. Ra8+ 1-0

[Event "World Chess Olympiad 2018"]
[Site "Batumi"]
[Date "2018.10.05"]
[Round "11"]
[Board "2"]
[WhiteFideId "16000013"]
[White "Murara Maxence"]
[BlackFideId "8800871"]
[Black "Gontcharov Serguei"]
[Result "1-0"]
[LiveChessVersion "1.4.8"]
[BlackElo "1875"]
[WhiteElo "1789"]

1. d4 {[%clk 1:30:46]} Nf6 {[%clk 1:30:56]} 2. Nf3 {[%clk 1:31:01]} c5
{[%clk 1:31:19]} 3. e3 {[%clk 1:29:52]} d5 {[%clk 1:29:25]} 4. c3
{[%clk 1:26:22]} Nc6 {[%clk 1:26:49]} 5. Nbd2 {[%clk 1:25:54]} Bg4
{[%clk 1:24:54]} 6. Qc2 {[%clk 1:24:03]} e6 {[%clk 1:24:59]} 7. Qa4
{[%clk 1:17:22]} Bd6 {[%clk 1:18:19]} 8. dxc5 {[%clk 1:10:50]} Bxc5
{[%clk 1:16:52]} 9. Ne5 {[%clk 1:07:59]} Qb6 {[%clk 1:13:52]} 10. Nxg4
{[%clk 1:06:37]} Nxg4 {[%clk 1:14:13]} 11. Qxg4 {[%clk 1:06:24]} O-O
{[%clk 1:14:36]} 12. g3 {[%clk 1:01:21]} f5 {[%clk 1:13:06]} 13. Qe2
{[%clk 1:00:28]} e5 {[%clk 1:13:00]} 14. Qb5 {[%clk 0:54:56]} e4 {[%clk 1:04:19]}
15. Nb3 {[%clk 0:50:46]} Be7 {[%clk 1:01:48]} 16. Qxb6 {[%clk 0:50:33]} axb6
{[%clk 1:02:12]} 17. Nd4 {[%clk 0:49:37]} Ne5 {[%clk 1:02:27]} 18. Be2
{[%clk 0:48:32]} g5 {[%clk 0:59:05]} 19. O-O {[%clk 0:43:28]} g4 {[%clk 0:56:04]}
20. b3 {[%clk 0:35:49]} Rac8 {[%clk 0:54:49]} 21. Bb2 {[%clk 0:34:30]} Bd6
{[%clk 0:47:19]} 22. Ne6 {[%clk 0:25:34]} Rf6 {[%clk 0:45:38]} 23. Nf4
{[%clk 0:25:31]} Rh6 {[%clk 0:45:25]} 24. Nxd5 {[%clk 0:23:38]} Nf7
{[%clk 0:45:14]} 25. c4 {[%clk 0:20:49]} Rc6 {[%clk 0:43:47]} 26. Rad1
{[%clk 0:15:22]} Rh3 {[%clk 0:40:38]} 27. Nf6+ {[%clk 0:14:38]} Kf8
{[%clk 0:40:55]} 28. Rd5 {[%clk 0:14:18]} Be5 {[%clk 0:30:13]} 29. Nd7+
{[%clk 0:14:04]} Ke8 {[%clk 0:27:42]} 30. Bxe5 {[%clk 0:11:02]} Nxe5
{[%clk 0:25:28]} 31. Rxe5+ {[%clk 0:08:44]} Kxd7 {[%clk 0:25:18]} 32. Rd1+
{[%clk 0:09:08]} Kc7 {[%clk 0:24:23]} 33. Rxf5 {[%clk 0:06:28]} Rch6
{[%clk 0:24:16]} 34. Bxg4 {[%clk 0:05:54]} Rxh2 {[%clk 0:24:39]} 35. Kf1
{[%clk 0:06:08]} 1-0

[Event "World Chess Olympiad 2018"]
[Site "Batumi"]
[Date "2018.10.05"]
[Round "11"]
[Board "3"]
[WhiteFideId "8800170"]
[White "Lill Sami"]
[BlackFideId "16000145"]
[Black "Murara Urwintwari Ian"]
[Result "1-0"]
[LiveChessVersion "1.4.8"]
[BlackElo "1677"]
[WhiteElo "1844"]

1. e4 {[%clk 1:30:36]} e6 {[%clk 1:30:40]} 2. d4 {[%clk 1:30:12]} d5
{[%clk 1:30:48]} 3. exd5 {[%clk 1:30:04]} exd5 {[%clk 1:31:04]} 4. Bd3
{[%clk 1:29:28]} Nf6 {[%clk 1:30:33]} 5. Nc3 {[%clk 1:28:58]} Be6
{[%clk 1:29:56]} 6. Nge2 {[%clk 1:28:39]} Be7 {[%clk 1:28:39]} 7. Nf4
{[%clk 1:28:24]} O-O {[%clk 1:27:41]} 8. Nxe6 {[%clk 1:28:15]} fxe6
{[%clk 1:28:06]} 9. Qe2 {[%clk 1:27:26]} Qd7 {[%clk 1:27:18]} 10. Be3
{[%clk 1:26:02]} c5 {[%clk 1:25:12]} 11. dxc5 {[%clk 1:21:17]} d4
{[%clk 1:22:48]} 12. Rd1 {[%clk 1:15:17]} Nc6 {[%clk 1:20:11]} 13. Ne4
{[%clk 1:13:35]} Qd5 {[%clk 1:14:11]} 14. Nxf6+ {[%clk 1:07:15]} Bxf6
{[%clk 1:13:40]} 15. O-O {[%clk 1:05:00]} Qxc5 {[%clk 1:11:32]} 16. Bd2
{[%clk 1:02:06]} Kh8 {[%clk 1:09:19]} 17. Qxe6 {[%clk 1:00:50]} Ne5
{[%clk 1:08:08]} 18. Qb3 {[%clk 0:55:16]} a5 {[%clk 0:58:57]} 19. Kh1
{[%clk 0:50:15]} a4 {[%clk 0:50:38]} 20. Qb5 {[%clk 0:45:57]} Nxd3
{[%clk 0:49:20]} 21. Qxd3 {[%clk 0:46:18]} Rac8 {[%clk 0:46:57]} 22. Rc1
{[%clk 0:44:12]} Rf7 {[%clk 0:42:50]} 23. a3 {[%clk 0:41:30]} Qc6
{[%clk 0:35:27]} 24. c3 {[%clk 0:37:52]} dxc3 {[%clk 0:28:22]} 25. Bxc3
{[%clk 0:36:13]} Rfc7 {[%clk 0:26:17]} 26. Bd2 {[%clk 0:30:43]} Qb6
{[%clk 0:21:07]} 27. Rxc7 {[%clk 0:29:05]} Qxc7 {[%clk 0:20:23]} 28. Qb5
{[%clk 0:24:45]} Qc2 {[%clk 0:17:20]} 29. Qxb7 {[%clk 0:23:32]} Bxb2
{[%clk 0:16:54]} 30. Bb4 {[%clk 0:21:23]} Rg8 {[%clk 0:13:49]} 31. Kg1
{[%clk 0:18:30]} h6 {[%clk 0:11:52]} 32. g3 {[%clk 0:17:00]} Re8 {[%clk 0:10:33]}
33. Qb5 {[%clk 0:14:22]} Re2 {[%clk 0:09:10]} 34. Qc5 {[%clk 0:13:19]} Qxc5
{[%clk 0:06:06]} 35. Bxc5 {[%clk 0:13:47]} Bc3 {[%clk 0:06:07]} 36. Rc1
{[%clk 0:13:09]} Re1+ {[%clk 0:05:37]} 37. Rxe1 {[%clk 0:13:30]} Bxe1
{[%clk 0:06:05]} 38. Kf1 {[%clk 0:13:54]} Ba5 {[%clk 0:06:17]} 39. Ke2
{[%clk 0:14:11]} Kg8 {[%clk 0:05:49]} 40. Kd3 {[%clk 0:44:34]} Kf7
{[%clk 0:36:11]} 41. Kc4 {[%clk 0:44:45]} Ke6 {[%clk 0:35:09]} 42. Kb5
{[%clk 0:44:56]} Be1 {[%clk 0:35:35]} 43. Kxa4 {[%clk 0:45:08]} 1-0

[Event "World Chess Olympiad 2018"]
[Site "Batumi"]
[Date "2018.10.05"]
[Round "11"]
[Board "4"]
[WhiteFideId "16000072"]
[White "Niyibizi Alain Patience"]
[BlackFideId "8800820"]
[Black "Dacres Don"]
[Result "0-1"]
[LiveChessVersion "1.4.8"]
[BlackElo "1780"]
[WhiteElo "1756"]

1. c4 {[%clk 1:30:44]} c5 {[%clk 1:30:44]} 2. Nf3 {[%clk 1:30:45]} Nc6
{[%clk 1:31:04]} 3. e4 {[%clk 1:29:58]} g6 {[%clk 1:31:17]} 4. Nc3
{[%clk 1:29:23]} Nf6 {[%clk 1:31:24]} 5. Be2 {[%clk 1:28:35]} Bg7
{[%clk 1:31:33]} 6. O-O {[%clk 1:20:41]} O-O {[%clk 1:31:55]} 7. Re1
{[%clk 1:20:55]} d6 {[%clk 1:31:55]} 8. d4 {[%clk 1:19:36]} cxd4 {[%clk 1:31:53]}
9. Nxd4 {[%clk 1:19:29]} Nxe4 {[%clk 1:29:53]} 10. Nxc6 {[%clk 1:18:02]} Nxc3
{[%clk 1:30:17]} 11. Nxd8 {[%clk 1:18:02]} Nxd1 {[%clk 1:30:36]} 12. Bxd1
{[%clk 1:17:59]} e5 {[%clk 1:27:21]} 13. Nxf7 {[%clk 1:14:26]} Rxf7
{[%clk 1:27:31]} 14. Bb3 {[%clk 1:13:40]} Be6 {[%clk 1:27:14]} 15. Be3
{[%clk 1:13:18]} b5 {[%clk 1:27:26]} 16. Rac1 {[%clk 1:03:17]} bxc4
{[%clk 1:27:34]} 17. Bxc4 {[%clk 1:03:15]} Bxc4 {[%clk 1:27:41]} 18. Rxc4
{[%clk 1:03:31]} d5 {[%clk 1:27:54]} 19. Rc2 {[%clk 1:00:36]} d4 {[%clk 1:28:08]}
20. Bg5 {[%clk 0:57:37]} h6 {[%clk 1:26:17]} 21. Bh4 {[%clk 0:56:56]} g5
{[%clk 1:26:05]} 22. Bg3 {[%clk 0:52:20]} Re7 {[%clk 1:23:53]} 23. Re4
{[%clk 0:48:17]} d3 {[%clk 1:21:27]} 24. Rd2 {[%clk 0:46:46]} Rc8
{[%clk 1:21:29]} 25. h3 {[%clk 0:46:56]} h5 {[%clk 1:15:55]} 26. f3
{[%clk 0:45:35]} Rc1+ {[%clk 1:11:54]} 27. Be1 {[%clk 0:37:22]} Rd7
{[%clk 1:11:19]} 28. Kf2 {[%clk 0:31:46]} g4 {[%clk 1:10:17]} 29. Re3
{[%clk 0:15:37]} Bh6 {[%clk 1:04:26]} 30. Rdxd3 {[%clk 0:13:25]} Bxe3+
{[%clk 1:04:14]} 31. Rxe3 {[%clk 0:13:39]} Rc2+ {[%clk 1:02:24]} 32. Re2
{[%clk 0:13:24]} g3+ {[%clk 1:02:10]} 33. Ke3 {[%clk 0:12:25]} Rxe2+
{[%clk 1:02:27]} 34. Kxe2 {[%clk 0:12:37]} h4 {[%clk 1:02:49]} 35. Bc3
{[%clk 0:12:36]} Rd5 {[%clk 1:02:44]} 36. a3 {[%clk 0:11:23]} Kf7
{[%clk 1:03:06]} 37. Bb4 {[%clk 0:11:29]} a5 {[%clk 1:03:01]} 38. Bd2
{[%clk 0:11:38]} Kg6 {[%clk 1:03:20]} 39. Bc3 {[%clk 0:10:58]} Kf5
{[%clk 1:00:32]} 40. Bd2 {[%clk 0:40:18]} e4 {[%clk 1:30:36]} 41. fxe4+
{[%clk 0:37:47]} Kxe4 {[%clk 1:30:49]} 42. Bc3 {[%clk 0:37:54]} a4
{[%clk 1:30:49]} 43. Bf6 {[%clk 0:32:39]} Rf5 {[%clk 1:27:33]} 44. Bxh4
{[%clk 0:26:42]} Rf2+ {[%clk 1:27:15]} 45. Ke1 {[%clk 0:26:16]} Rxg2
{[%clk 1:27:33]} 46. Kf1 {[%clk 0:15:58]} Kf3 {[%clk 1:27:20]} 47. Bf6
{[%clk 0:14:48]} Rc2 {[%clk 1:27:24]} 48. Ke1 {[%clk 0:14:20]} g2
{[%clk 1:27:37]} 49. Bd4 {[%clk 0:11:56]} Re2+ {[%clk 1:27:56]} 50. Kd1
{[%clk 0:11:43]} Rf2 {[%clk 1:28:18]} 0-1

[Event "World Chess Olympiad 2018"]
[Site "Batumi"]
[Date "2018.10.05"]
[Round "11"]
[Board "1"]
[WhiteFideId "10002235"]
[White "Mdoe Yusuf"]
[BlackFideId "9800336"]
[Black "Pillay Harish"]
[Result "1-0"]
[LiveChessVersion "1.4.8"]
[BlackElo "1250"]
[WhiteElo "1771"]

1. e4 {[%clk 1:28:56]} e5 {[%clk 1:30:44]} 2. Nf3 {[%clk 1:29:14]} Nc6
{[%clk 1:30:30]} 3. c3 {[%clk 1:29:03]} Nf6 {[%clk 1:29:58]} 4. Qc2
{[%clk 1:29:13]} Bc5 {[%clk 1:29:03]} 5. b4 {[%clk 1:29:02]} Bb6 {[%clk 1:28:17]}
6. b5 {[%clk 1:28:27]} Ne7 {[%clk 1:27:42]} 7. Nxe5 {[%clk 1:29:09]} d6
{[%clk 1:27:06]} 8. Nc4 {[%clk 1:28:35]} Bc5 {[%clk 1:26:42]} 9. d4
{[%clk 1:28:39]} Bb6 {[%clk 1:26:15]} 10. a4 {[%clk 1:28:39]} a5 {[%clk 1:25:59]}
11. Bg5 {[%clk 1:27:58]} Nh5 {[%clk 1:25:07]} 12. Be2 {[%clk 1:27:42]} h6
{[%clk 1:24:32]} 13. Bxe7 {[%clk 1:27:46]} Qxe7 {[%clk 1:24:26]} 14. Bxh5 Qg5 15.
Bf3 {[%clk 1:26:18]} O-O {[%clk 1:23:18]} 16. Nbd2 {[%clk 1:26:11]} Re8
{[%clk 1:22:17]} 17. h4 {[%clk 1:25:48]} Qg6 {[%clk 1:22:07]} 18. O-O-O
{[%clk 1:25:34]} Qf6 {[%clk 1:20:16]} 19. g4 {[%clk 1:24:26]} Qf4
{[%clk 1:19:04]} 20. Rdg1 {[%clk 1:23:42]} g6 {[%clk 1:18:25]} 21. h5
{[%clk 1:20:14]} g5 {[%clk 1:18:20]} 22. Ne3 {[%clk 1:20:25]} c5 {[%clk 1:17:04]}
23. Nd5 1-0

[Event "World Chess Olympiad 2018"]
[Site "Batumi"]
[Date "2018.10.05"]
[Round "11"]
[Board "2"]
[WhiteFideId "24613959"]
[White "Stratonowitsch Andre"]
[BlackFideId "10002324"]
[Black "Njau Albert"]
[Result "1/2-1/2"]
[LiveChessVersion "1.4.8"]
[BlackElo "1716"]
[WhiteElo "2138"]

1. e4 {[%clk 1:30:59]} e5 {[%clk 1:30:48]} 2. Nf3 {[%clk 1:31:22]} Nf6
{[%clk 1:31:03]} 3. Nxe5 {[%clk 1:31:20]} d6 {[%clk 1:31:12]} 4. Nf3
{[%clk 1:31:45]} Nxe4 {[%clk 1:31:21]} 5. d4 {[%clk 1:32:03]} d5 {[%clk 1:31:16]}
6. Bd3 {[%clk 1:32:13]} Be7 {[%clk 1:30:43]} 7. O-O {[%clk 1:32:34]} O-O
{[%clk 1:30:08]} 8. c4 {[%clk 1:32:49]} c5 {[%clk 1:28:11]} 9. cxd5
{[%clk 1:29:20]} Nf6 {[%clk 1:26:14]} 10. Nc3 {[%clk 1:26:14]} Bg4
{[%clk 1:21:22]} 11. dxc5 {[%clk 1:26:18]} Bxc5 {[%clk 1:19:41]} 12. h3
{[%clk 1:23:34]} Bh5 {[%clk 1:17:57]} 13. Ne4 {[%clk 1:19:45]} Nxe4
{[%clk 1:10:44]} 14. Bxe4 {[%clk 1:20:10]} f5 {[%clk 1:10:26]} 15. Bc2
{[%clk 1:19:28]} Qd6 {[%clk 1:09:15]} 16. Qd3 {[%clk 1:16:12]} Nd7
{[%clk 1:07:36]} 17. Be3 {[%clk 1:14:01]} Bxf3 {[%clk 1:01:05]} 18. Bxc5
{[%clk 1:12:15]} Qxc5 {[%clk 0:55:17]} 19. gxf3 {[%clk 1:10:39]} Qd6
{[%clk 0:49:14]} 20. Rae1 {[%clk 1:08:09]} Ne5 {[%clk 0:45:27]} 21. Qe3
{[%clk 1:04:48]} Rae8 {[%clk 0:42:26]} 22. Qf4 {[%clk 1:03:33]} Kh8
{[%clk 0:41:42]} 23. Re3 {[%clk 0:56:55]} g5 {[%clk 0:34:08]} 24. Qd4
{[%clk 0:57:09]} Qf6 {[%clk 0:33:46]} 25. Kg2 {[%clk 0:55:50]} g4
{[%clk 0:24:36]} 26. f4 {[%clk 0:51:29]} gxh3+ {[%clk 0:19:35]} 27. Kh1
{[%clk 0:48:55]} Ng4 {[%clk 0:17:53]} 28. Qxf6+ {[%clk 0:48:20]} Nxf6
{[%clk 0:17:39]} 29. d6 {[%clk 0:35:39]} Ne4 {[%clk 0:09:25]} 30. Bxe4
{[%clk 0:33:50]} fxe4 {[%clk 0:09:30]} 31. d7 {[%clk 0:33:42]} Rd8
{[%clk 0:08:59]} 32. Rd1 {[%clk 0:31:58]} Rxf4 {[%clk 0:08:32]} 33. f3
{[%clk 0:27:29]} Rf7 1/2-1/2

[Event "World Chess Olympiad 2018"]
[Site "Batumi"]
[Date "2018.10.05"]
[Round "11"]
[Board "3"]
[WhiteFideId "10001670"]
[White "Hassuji Nurdin"]
[BlackFideId "9800174"]
[Black "Pillay Ragul"]
[Result "1-0"]
[LiveChessVersion "1.4.8"]
[BlackElo "1353"]
[WhiteElo "1766"]

1. e4 {[%clk 1:30:55]} c5 {[%clk 1:30:46]} 2. Nf3 {[%clk 1:31:20]} Nc6
{[%clk 1:30:51]} 3. d4 {[%clk 1:31:44]} cxd4 {[%clk 1:30:55]} 4. Nxd4
{[%clk 1:32:10]} e5 {[%clk 1:30:39]} 5. Nb5 {[%clk 1:32:04]} Nf6 {[%clk 1:26:02]}
6. N1c3 {[%clk 1:32:12]} a6 {[%clk 1:23:15]} 7. Nd6+ {[%clk 1:31:33]} Bxd6
{[%clk 1:23:30]} 8. Qxd6 {[%clk 1:31:55]} h6 {[%clk 1:15:47]} 9. Nd5
{[%clk 1:26:50]} Nxd5 {[%clk 1:15:23]} 10. exd5 {[%clk 1:25:55]} Ne7
{[%clk 1:15:00]} 11. Qxe5 {[%clk 1:25:50]} O-O {[%clk 1:14:55]} 12. Bd3
{[%clk 1:15:24]} d6 {[%clk 1:11:20]} 13. Qg3 {[%clk 1:08:04]} Qa5+
{[%clk 1:09:31]} 14. Bd2 {[%clk 1:07:24]} Qxd5 {[%clk 1:09:51]} 15. O-O
{[%clk 1:07:19]} Kh8 {[%clk 1:04:37]} 16. Bc3 {[%clk 1:06:36]} f6
{[%clk 1:02:17]} 17. Rfe1 {[%clk 1:06:03]} Nc6 {[%clk 0:54:39]} 18. Qg6
{[%clk 1:04:02]} 1-0

[Event "World Chess Olympiad 2018"]
[Site "Batumi"]
[Date "2018.10.05"]
[Round "11"]
[Board "4"]
[WhiteFideId "9800069"]
[White "Hoareau Benjamin"]
[BlackFideId "21600546"]
[Black "Taher Hassuji"]
[Result "1-0"]
[LiveChessVersion "1.4.8"]
[BlackElo "1553"]
[WhiteElo "1820"]

1. d4 {[%clk 1:30:38]} d5 {[%clk 1:30:48]} 2. Nf3 {[%clk 1:30:59]} Nf6
{[%clk 1:30:56]} 3. Bf4 {[%clk 1:31:09]} Bf5 {[%clk 1:30:18]} 4. e3
{[%clk 1:30:36]} e6 {[%clk 1:30:30]} 5. Nbd2 {[%clk 1:29:56]} Nbd7
{[%clk 1:29:41]} 6. Bb5 {[%clk 1:28:20]} c6 {[%clk 1:29:27]} 7. Bd3
{[%clk 1:28:03]} Bxd3 {[%clk 1:27:02]} 8. cxd3 {[%clk 1:28:17]} c5
{[%clk 1:26:07]} 9. Qa4 {[%clk 1:22:17]} Be7 {[%clk 1:25:28]} 10. dxc5
{[%clk 1:21:07]} Bxc5 {[%clk 1:25:49]} 11. b4 {[%clk 1:20:03]} Bb6
{[%clk 1:25:14]} 12. Rc1 {[%clk 1:15:46]} O-O {[%clk 1:24:48]} 13. O-O
{[%clk 1:15:30]} Rc8 {[%clk 1:24:30]} 14. Nb3 {[%clk 1:14:43]} Qe7
{[%clk 1:22:10]} 15. d4 {[%clk 1:13:25]} Ne4 {[%clk 1:19:55]} 16. Nc5
{[%clk 1:13:11]} Bxc5 {[%clk 1:12:46]} 17. bxc5 {[%clk 1:07:25]} a6
{[%clk 1:06:10]} 18. Qb3 {[%clk 1:06:18]} Ndf6 {[%clk 1:04:29]} 19. Rb1
{[%clk 1:04:21]} b5 {[%clk 0:59:56]} 20. cxb6 {[%clk 1:04:12]} Qb7
{[%clk 0:58:21]} 21. Rfc1 {[%clk 0:53:56]} Rxc1+ 22. Rxc1 Rc8 {[%clk 0:56:18]}
23. Rc7 {[%clk 0:54:00]} Qb8 {[%clk 0:54:23]} 24. b7 {[%clk 0:52:34]} 1-0

[Event "World Chess Olympiad 2018"]
[Site "Batumi"]
[Date "2018.10.05"]
[Round "11"]
[Board "1"]
[WhiteFideId "6800068"]
[White "McTigue James"]
[BlackFideId "1950711"]
[Black "Monteiro Antonio"]
[Result "1-0"]
[LiveChessVersion "1.4.8"]
[BlackElo "1877"]
[WhiteElo "2116"]

1. d4 {[%clk 1:30:57]} d5 {[%clk 1:30:43]} 2. Bf4 {[%clk 1:31:17]} Bf5
{[%clk 1:31:02]} 3. e3 {[%clk 1:31:38]} e6 {[%clk 1:31:04]} 4. c4
{[%clk 1:31:57]} c6 {[%clk 1:31:10]} 5. Nc3 {[%clk 1:32:02]} Nf6 {[%clk 1:31:25]}
6. Nf3 {[%clk 1:31:26]} Bb4 {[%clk 1:30:54]} 7. Qb3 {[%clk 1:30:18]} Qa5
{[%clk 1:29:13]} 8. Nd2 {[%clk 1:29:09]} Ne4 {[%clk 1:27:10]} 9. Ndxe4
{[%clk 1:27:38]} Bxe4 {[%clk 1:25:01]} 10. a3 {[%clk 1:26:15]} Bxc3+
{[%clk 1:25:13]} 11. Qxc3 {[%clk 1:26:28]} Qxc3+ {[%clk 1:25:07]} 12. bxc3
{[%clk 1:26:51]} O-O {[%clk 1:24:14]} 13. f3 {[%clk 1:19:45]} Bg6
{[%clk 1:22:12]} 14. Kd2 {[%clk 1:10:02]} Nd7 {[%clk 1:22:06]} 15. cxd5
{[%clk 1:04:08]} cxd5 {[%clk 1:18:46]} 16. c4 {[%clk 0:57:27]} dxc4
{[%clk 1:14:40]} 17. Bxc4 {[%clk 0:57:15]} Rac8 {[%clk 1:11:53]} 18. Rac1
{[%clk 0:56:21]} Nb6 {[%clk 1:03:19]} 19. Bb3 {[%clk 0:56:02]} Nd5
{[%clk 0:54:33]} 20. Bg3 {[%clk 0:54:35]} Nb6 {[%clk 0:47:09]} 21. e4
{[%clk 0:52:03]} Rxc1 {[%clk 0:35:54]} 22. Rxc1 {[%clk 0:52:21]} Rc8
{[%clk 0:36:13]} 23. Rxc8+ {[%clk 0:51:57]} Nxc8 {[%clk 0:36:40]} 24. d5
{[%clk 0:51:00]} exd5 {[%clk 0:35:12]} 25. Bxd5 {[%clk 0:51:21]} b6
{[%clk 0:34:21]} 26. Bb7 {[%clk 0:49:35]} Ne7 {[%clk 0:32:24]} 27. Bb8
{[%clk 0:49:08]} a5 {[%clk 0:32:23]} 28. Bc7 {[%clk 0:48:44]} a4 {[%clk 0:31:04]}
29. Bxb6 {[%clk 0:49:01]} f6 {[%clk 0:31:06]} 30. Bc5 {[%clk 0:48:47]} Kf8
{[%clk 0:30:30]} 31. Bc6 {[%clk 0:48:24]} Be8 {[%clk 0:30:39]} 32. Bxe7+
{[%clk 0:48:43]} Kxe7 {[%clk 0:31:00]} 33. Bxe8 {[%clk 0:49:07]} Kxe8
{[%clk 0:31:22]} 34. Kc3 {[%clk 0:49:34]} 1-0

[Event "World Chess Olympiad 2018"]
[Site "Batumi"]
[Date "2018.10.05"]
[Round "11"]
[Board "2"]
[WhiteFideId "1928112"]
[White "Pereira Eder Marcio"]
[BlackFideId "2402076"]
[Black "Dempsey John"]
[Result "1-0"]
[LiveChessVersion "1.4.8"]
[BlackElo "1888"]
[WhiteElo "1781"]

1. c4 {[%clk 1:30:17]} Nf6 {[%clk 1:30:37]} 2. g3 {[%clk 1:30:16]} c6
{[%clk 1:29:01]} 3. Nc3 {[%clk 1:28:10]} d5 {[%clk 1:27:45]} 4. cxd5
{[%clk 1:28:15]} cxd5 {[%clk 1:28:09]} 5. d4 {[%clk 1:28:37]} e6 {[%clk 1:27:21]}
6. Bg5 {[%clk 1:22:09]} Be7 {[%clk 1:27:25]} 7. Nf3 {[%clk 1:20:54]} Nbd7
{[%clk 1:25:09]} 8. Qb3 {[%clk 1:17:08]} O-O {[%clk 1:23:43]} 9. Rc1
{[%clk 1:16:39]} a6 {[%clk 1:23:12]} 10. Bg2 {[%clk 1:15:04]} Re8
{[%clk 1:17:17]} 11. O-O {[%clk 1:10:04]} b5 {[%clk 1:15:12]} 12. Rfd1
{[%clk 0:55:56]} h6 {[%clk 1:07:41]} 13. Bf4 {[%clk 0:55:41]} Qb6
{[%clk 1:05:57]} 14. Rd2 {[%clk 0:49:03]} Bb7 {[%clk 1:04:49]} 15. Rdc2
{[%clk 0:46:12]} Rac8 {[%clk 1:04:44]} 16. Nb1 {[%clk 0:36:41]} Bd6
{[%clk 1:02:31]} 17. Bxd6 {[%clk 0:27:59]} Qxd6 {[%clk 1:01:52]} 18. Rxc8
{[%clk 0:28:17]} Rxc8 {[%clk 1:02:07]} 19. Rxc8+ {[%clk 0:28:41]} Bxc8
{[%clk 1:02:28]} 20. Qc3 {[%clk 0:29:04]} Bb7 {[%clk 1:01:58]} 21. Nbd2
{[%clk 0:21:26]} Qc6 {[%clk 1:00:01]} 22. Qxc6 {[%clk 0:20:46]} Bxc6
{[%clk 1:00:23]} 23. b4 {[%clk 0:21:02]} Kf8 {[%clk 0:58:10]} 24. Nb3
{[%clk 0:20:49]} Bb7 {[%clk 0:58:18]} 25. Nc5 {[%clk 0:17:58]} Bc8
{[%clk 0:57:49]} 26. Nd2 {[%clk 0:16:35]} Ke7 {[%clk 0:52:14]} 27. Kf1
{[%clk 0:14:53]} Kd6 {[%clk 0:50:43]} 28. f4 {[%clk 0:14:31]} Ng4
{[%clk 0:48:49]} 29. e4 {[%clk 0:11:18]} Ne3+ {[%clk 0:48:07]} 30. Kf2
{[%clk 0:11:41]} Nc2 {[%clk 0:47:33]} 31. e5+ {[%clk 0:08:41]} Ke7
{[%clk 0:46:36]} 32. Ndb3 {[%clk 0:07:51]} Nxb4 {[%clk 0:46:41]} 33. a4
{[%clk 0:07:55]} Nxc5 {[%clk 0:45:17]} 34. Nxc5 {[%clk 0:04:46]} Nc2
{[%clk 0:45:10]} 35. Bf1 {[%clk 0:04:54]} Nxd4 {[%clk 0:42:57]} 36. Ke3
{[%clk 0:05:12]} Nc6 {[%clk 0:43:03]} 37. axb5 {[%clk 0:04:51]} axb5
{[%clk 0:42:50]} 38. Bxb5 {[%clk 0:05:32]} Bd7 {[%clk 0:42:29]} 39. Nxd7
{[%clk 0:03:06]} Kxd7 {[%clk 0:42:36]} 40. g4 {[%clk 0:33:23]} f6
{[%clk 1:12:09]} 41. exf6 {[%clk 0:27:29]} gxf6 {[%clk 1:12:20]} 42. h4
{[%clk 0:27:19]} Kd6 {[%clk 1:12:40]} 43. Bxc6 {[%clk 0:22:36]} Kxc6
{[%clk 1:13:04]} 44. g5 {[%clk 0:23:03]} fxg5 {[%clk 1:13:12]} 45. fxg5
{[%clk 0:23:24]} hxg5 {[%clk 1:13:26]} 46. h5 {[%clk 0:23:37]} Kc5
{[%clk 1:13:39]} 47. h6 {[%clk 0:23:58]} e5 {[%clk 1:14:00]} 48. h7 1-0